One piece - Personnages ayant un fruit du démon! - Statistiques

Statistiques générales
  • Ce quiz a été pris 5 990 fois
    3 182 depuis la dernière actualisation
  • Le résultat moyen est 74 sur 155
Statistiques - réponses
Fruit Utilisateur % Correct
Nika Nika no Mi -> Fruit du Caoutchoutier (éveillé) Monkey D. Luffy
91%
Bara Bara no Mi -> Fruit de la Fragmentation Baggy
90%
Neko Neko no Mi, modèle Léopard -> Fruit du Félin - Version Léopard (éveillé) Rob Lucci
90%
Hito Hito no Mi -> Fruit de l'Humain Tony Tony Chopper
89%
Gura Gura no Mi -> Fruit du Tremblement (décédé) Edward Newgate
88%
Mera Mera no Mi -> Pyro-Fruit (décédé) Portgas D. Ace
87%
Yami Yami no Mi -> Fruit des Ténèbres Marshall D. Teach
85%
Ito Ito no Mi -> Fruit des Fils Don Quichotte Doflamingo
83%
Hana Hana no Mi -> Fruit des Éclosions Nico Robin
83%
Mera Mera no Mi -> Pyro Fruit Sabo
83%
Magu Magu no Mi -> Fruit du Magma Akainu
82%
Uo Uo no Mi, modèle Seiryu -> Fruit du Poisson, Version Dragon azur Kaido
82%
Ope Ope no Mi -> Fruit du Bistouri Trafalgar D. Water Law
82%
Yomi Yomi no Mi -> Fruit de la Résurrection Brook
81%
Soru Soru no Mi -> Fruit des Âmes Charlotte Linlin
81%
Hie Hie no Mi -> Fruit du Givre Kuzan
81%
Suna Suna no Mi -> Fruit des Sables Crocodile
80%
Bane Bane no Mi -> Fruit du Ressort Bellamy
78%
Hito Hito no Mi, modèle Daibutsu -> Fruit de l'Humain Version Bouddha Sengoku
78%
Nikyu Nikyu no Mi -> Fruit des Coussinets Bartholomew Kuma
77%
Bari Bari no Mi -> Fruit de la Barrière Bartolomeo
77%
Jiki Jiki no Mi -> Fruit du magnétisme Eustass Kid
77%
Tori Tori no Mi, modèle Phoenix -> Fruit du Volatile, Version Phénix Marco
77%
Mochi Mochi no Mi -> Fruit du Riz Gluant Charlotte Katakuri
76%
Gasu Gasu no Mi -> Fruit du Gaz César Clown
75%
Mero Mero no Mi -> Fruit de la Passion Boa Hancock
74%
Pika Pika no Mi -> Fruit Luminescent Borsalino
74%
Kage Kage no Mi -> Fruit de l'Ombre Gecko Moria
73%
Mane Mane no Mi -> Travesti-Fruit Bon Clay
72%
Bisu Bisu no Mi -> Fruit du Biscuit Charlotte Cracker
72%
Ushi Ushi no Mi, modèle Girafe -> Fruit de l'Ongulé, Version Girafe Kaku
72%
Ryu Ryu no Mi, modèle Ptéranodon -> Fruit du Dinosaure, Version Ptéranodon King
72%
Ryu Ryu no Mi, modèle Brachiosaure -> Fruit du Dinosaure Version Brachiosaure Queen
72%
Horu Horu no Mi -> Fruit des Hormones Emporio Ivankov
71%
Moku Moku no Mi -> Fruit Fumigène Smoker
70%
Doru Doru no Mi -> Ciro-Fruit Galdino Mr3
68%
Zo Zo no Mi, modèle Mammouth -> Fruit du Pachyderme - Version Mammouth Jack
67%
Baku Baku no Mi -> Fruit du Glouton Wapol
67%
Goro Goro no Mi -> Fulguro-Fruit Ener
66%
Doku Doku no Mi -> Fruit du Venin Magellan
66%
Nagi Nagi no Mi -> Fruit de la Sourdine (décédé) Don Quichotte Rossinante
64%
Zushi Zushi no Mi -> Fruit de la Gravité Issho Fujitora
64%
Nom inconnu (Fruit de la Manipulation d'âge) Jewelry Bonney
64%
Ryu Ryu no Mi, modèle Allosaure -> Fruit du Dinosaure - Version Allosaurus X Drake
64%
Fuku Fuku no Mi -> Fruit du Vêtement Kinemon
63%
Nom inconnu (Fruit artificiel du Dragon Oriental) Kozuki Momonosuke
63%
Sube Sube no Mi -> Fruit Glisse-Glisse Alvida
61%
Doa Doa no Mi -> Fruit du Portier Blueno
61%
Supa Supa no Mi -> Fruit Tailladant Daz Bonez
61%
Shiro Shiro no Mi -> Fruit du Château Capone Bege
60%
Bomu Bomu no Mi -> Fruit Boum-Boum Gem
60%
Awa Awa no Mi -> Fruit Bubulle Kalifa
60%
Inu Inu no Mi, modèle Okuchi no Makami -> Fruit du Canidé, Version Loup Divin Yamato
60%
Suke Suke no Mi -> Fruit de l'Invisibilité (décédé) Absalom
59%
Noro Noro no Mi -> Fruit Ramollo Foxy
59%
Mira Mira no Mi -> Fruit du Miroir Charlotte Brûlée
58%
Choki Choki no Mi -> Fruit des Ciseaux Inazuma
57%
Wara Wara no Mi -> Fruit de la Paille Basil Hawkins
56%
Memo Memo no Mi -> Fruit des Souvenirs Charlotte Pudding
56%
Yuki Yuki no Mi -> Fruit du Flocon Monet
56%
Numa Numa no Mi -> Fruit du Marais Caribou
54%
Fude Fude no Mi -> Fruit du Pinceau Kurozumi Kanjuro
54%
Horo Horo no Mi -> Fruit de l'Ectoplasme Perona
54%
Suke Suke no Mi -> Fruit de l'Invisibilité Shilliew
54%
Hobi Hobi no Mi -> Fruit du Joujou Sugar
54%
Hebi Hebi no Mi, modèle Yamata no Orochi -> Fruit de l'Ophidien, Version Serpent à Huit Têtes Kurozumi Orochi
53%
Buki Buki no Mi -> Armo-Fruit Baby 5
52%
Oto Oto no Mi -> Fruit du Son Scratchmen Apoo
52%
Ryu Ryu no Mi, modèle Pachycéphalosaure -> Fruit du Dinosaure, Version Pachycéphalosaure Ulti
52%
Kumo Kumo no Mi, modèle Rosamygale Grauvogeli -> Fruit de l'Araignée, Version Rosamygale Grauvogeli Black Maria
51%
Tori Tori no Mi, modèle Faucon -> Fruit du Volatile, Version Faucon Pell
51%
Ishi Ishi no Mi -> Fruit de la Caillasse Pica
50%
Inu Inu no Mi, modèle Kyubi no Kitsune -> Fruit du Canidé, Version Renard à Neuf Queues Catarina Devon
48%
Ryu Ryu no Mi, modèle Spinosaure -> Fruit du Dinosaure Version Spinosaurus Page One
48%
Shibo Shibo no Mi -> Fruit du Presse-Presse Charlotte Smoothie
47%
Beta Beta no Mi -> Fruit du Poisse-Poisse Trébol
46%
Netsu Netsu no Mi -> Fruit de la Cuisson Charlotte Oven
45%
Pero Pero no Mi -> Fruit de la Léchouille Charlotte Slurp
45%
Nom inconnu (Fruit permettant de convertir les blessures en puissance) Urouge
45%
Giro Giro no Mi -> Fruit du Regard Viola
45%
Neko Neko no Mi ,modèle Tigre à Dents de Sabre -> Fruit du Félin - Version Tigre à Dents de Sabre Who's Who
45%
Inu Inu no Mi, modèle Loup -> Fruit du Canidé, Version Loup Jabura
44%
Toki Toki no Mi -> Fruit du Temps (décédée) Kozuki Toki
44%
Kilo Kilo no Mi -> Fruit Kilo-Kilo Mikita
44%
Woshu Woshu no Mi -> Fruit de la Lessive Tsuru
44%
Mato Mato no Mi -> Fruit du Dans le Mille Vander Decken
43%
Nomi Nomi no Mi -> Fruit du Ciboulot Vegapunk
43%
Buku Buku no Mi -> Fruit du Livre Charlotte Mont d'Or
42%
Kibi Kibi no Mi -> Fruit du Millet O-Tama
42%
Hira Hira no Mi -> Fruit du vol au vent Diamante
41%
Shiku Shiku no Mi -> Fruit de la Maladie Doc Q
41%
Sui Sui no Mi -> Fruit du Barbotage Señor Pink
40%
Hebi Hebi no Mi, modèle Anaconda -> Fruit de l'Ophidien, Version Anaconda Boa Sandersonia
38%
Kira Kira no Mi -> Fruit du Scintillement Joz
38%
Tama Tama no -> Fruit de l’Œuf Tamago
38%
Soru Soru no Mi -> Fruit des Âmes (décédée) Caramel
37%
Inu Inu no Mi, modèle Chacal -> Fruit du Canidé, Version Chacal Chaka
37%
Nui Nui no Mi -> Fruit Machine de Couture Leo
37%
Kame Kame no Mi -> Fruit de la Tortue Pekoms
37%
Ushi Ushi no Mi, modèle Bison -> Fruit de l'Ongulé, Version Bison Dalton
36%
Mogu Mogu no Mi -> Fruit de la Taupe Drophy
36%
Ryu Ryu no Mi, modèle Tricératops -> Fruit du Dinosaure Version Triceratops Sasaki
36%
Hebi Hebi no Mi, modèle Cobra Royal -> Fruit de l'Ophidien, Version Cobra Royal Boa Marigold
35%
Riki Riki no Mi -> Fruit de la Force Jesus Burgess
35%
Mori Mori no Mi -> Sylvo Fruit Ryokugyu
35%
Fuwa Fuwa no Mi -> Fruit Flottant Shiki
35%
Shima Shima no Mi -> Fruit de l'ïle Avalo Pizarro
34%
Ato Ato no Mi -> Fruit de l'Art Jora
34%
Deka Deka no Mi -> Fruit du Gigantisme Sanjuan Wolf
34%
Nom inconnu (Fruit permettant de transformer son corps en corbeaux) Karasu
33%
Kuri Kuri no Mi -> Fruit de la Crème Charlotte Opera
31%
Ori Ori no Mi -> Fruit du Séquestre Hina
31%
Maki Maki no Mi -> Fruit du Parchemin Raizo
31%
Kobu Kobu no Mi -> Fruit de l'Encouragement Belo Betty
30%
Guru Guru no Mi -> Fruit-Tournant Buffalo
30%
Hoya Hoya no Mi -> Fruit de la Lampe Charlotte Daifuku
30%
Nom inconnu (Fruit permettant d'avoir des ailes blanches dans le dos) Lafitte
30%
Chiyu Chiyu no Mi -> Fruit de la Guérison Manshelly
30%
Toge Toge no Mi -> Fruit de l'Oursin Zala
30%
Tori Tori no Mi, Modèle Albatros -> Fruit du volatile Version Albatros Morgans
29%
Pamu Pamu no Mi -> Fruit Paf-Paf Gladius
27%
Juku Juku no Mi -> Fruit de la Maturité Shinobu
27%
Inu Inu no Mi, modèle Dalmatien -> Fruit du Canidé, Version Dalmatien Dalmatien
26%
Ton Ton no Mi -> Fruit des Tonnes Machvise
26%
Ushi Ushi no Mi, modèle Taureau -> Fruit de l'Ongulé, Version Taureau (éveillé) Minotaure
26%
Gabu Gabu no Mi -> Fruit du Glouglou Vasco Shot
26%
Uma Uma no Mi -> Fruit du Cheval Pierre
24%
Jake Jake no Mi -> Fruit de la Pelisse Kerry Funk
23%
Nom inconnu (Fruit du Marsupial, Version Koala) (éveillé) Minokoala
23%
Uma Uma no Mi, modèle Zèbre -> Fruit de l'Ongulé, Version Zèbre (éveillé) Minozebre
23%
Sabi Sabi no Mi -> Fruit de la Rouille Shû
23%
Nom inconnu (Fruit du Rhinocéros) (éveillé) Minorhinocéros
22%
Sara Sara no Mi, modèle Axolotl -> Fruit de la Salamandre, Version Axolotl (décédé) Smiley
22%
Kuku Kuku no Mi -> Fruit du Cuistot Streusen
22%
Inu Inu no Mi, modèle Chihuahua -> Fruit du Canidé, Version Chihuahua (éveillé) Minochihuahua
19%
Oshi Oshi no Mi -> Fruit du Pousse-Pousse Morley
18%
Uma Uma no Mi, modèle Pégase -> Fruit du Cheval, Version Pégase Stronger
18%
Bata Bata no Mi -> Fruit du Beurre Charlotte Galette
17%
Inu Inu no Mi, modèle Basset -> Fruit du Canidé, Version Basset Lassou
17%
Zo Zo no Mi -> Fruit du Pachyderme Funkfreed
16%
Beri Beri no Mi -> Fruit des Baies Very Good
15%
Mushi Mushi no Mi, modèle Scarabée Rhinocéros -> Fruit de l'Insecte, Version Scarabée Rhinocéros Kabu
14%
Wapu Wapu no Mi -> Fruit de la Téléportation Van Auger
14%
Mushi Mushi no Mi, modèle Guêpe -> Fruit de l'Insecte, Version Guêpe Bee Anne
13%
Poke Poke no Mi -> Fruit de la Poche Blamenco
13%
Bari Bari no Mi -> Fruit de la Barrière (décédé) Kurozumi Semimaru
12%
Hito Hito no Mi, modèle Onyodu -> Fruit de l'Humain Version Onoyodu Onimaru
11%
Mane Mane no Mi -> Travesti-Fruit (décédé) Kurozumi Higurashi
9%
Nom inconnu (Fruit de l'Araignée) Onigumo
8%
Gocha Gocha no -> Mi Fruit de la Fusion Charlotte Newshi
7%
Muchi Muchi no Mi -> Fruit du Fouet Kujaku
7%
Shari Shari no Mi -> Fruit des Roues Sharinguru
7%
Gunyo Gunyo no Mi -> Fruit de la Bouillasse Prince Gles
6%
Nom inconnu (Fruit de la Chenille) Epoida
5%
Inu Inu no Mi, modèle Tanuki -> Fruit du Canidé, Version Tanuki Bunbuku
4%
Aucun quiz correspondant
Distribution des résultats
% des personnes avec chaque résultat
Percentile par nombre de réponses
Votre historique - résultats
Vous n’avez pas pris ce quiz depuis la dernière actualisation